| 000 | 00452cam a22001337a 4500 | ||
|---|---|---|---|
| 008 | 180718b1962 xxu||||| |||| 00| 0 eng d | ||
| 082 | _aL69x54 In2p | ||
| 100 | _aIndia. Port B States (Special Assistance) Enquiry Committee | ||
| 245 | _aReport of the Port B States (Special Assistance) Enquiry Committee | ||
| 260 |
_aDelhi _bThe Manager of Publications _c1962 |
||
| 300 | _a61+p. | ||
| 500 | _aChairman: N.V. Gadgil | ||
| 700 | _aGodgil, N.V., Chairman | ||
| 999 |
_c489540 _d489540 |
||